Taylor Swift - Bigger Than The Whole Sky Lyrics - Statistics

General Stats
  • This quiz has been taken 131 times
    110 since last reset
  • The average score is 238 of 261
Answer Stats
Answer % Correct
a
100%
bigger
100%
Goodbye
100%
goodbye
100%
I
100%
sky
100%
than
100%
the
100%
whole
100%
You
100%
you
100%
you)
100%
be
98%
in
98%
more
98%
were
98%
I've
96%
just
96%
short
96%
time
96%
to
96%
been
94%
could've
94%
got
94%
my
94%
should've
94%
What
94%
(What
94%
with
94%
without
94%
about
92%
and
92%
And
92%
I'm
92%
lot
92%
me
92%
never
92%
No
92%
So
92%
would've
92%
gonna
90%
it's
90%
its
90%
live
90%
'Cause
88%
I'll
88%
out
88%
all
85%
don't
85%
over
85%
say
85%
some
85%
not
83%
aftermath
81%
Did
81%
meant
81%
pine
81%
thing
81%
into
79%
words
79%
didn't
77%
Every
77%
meet
77%
now
77%
touch
77%
Asia?
75%
because
75%
believe
75%
eyes
75%
bird
73%
ears
73%
has
73%
sadness
73%
single
73%
appear
71%
ashes
71%
force
71%
Salt
71%
take
71%
wings
71%
becomes
69%
flap
69%
pray?
69%
sick
69%
turned
69%
before
67%
come
67%
streams
67%
sea
58%
No matching quizzes found
Score Distribution
Percent of People with Each Score
Percentile by Number Answered
Your Score History
You have not taken this quiz since the last reset